Нормален изглед
MARC изглед
- Общобълг. к-т и фонд. В. Левски, СУ - Русе
Вход 02. Организация (Колективен автор)
001 - Контролен номер на записа
- Контролно поле: 356987
003 - Код на организацията, даваща контролен номер
- Контролно поле: BLK
005 - Дата и час на последна промяна на записа
- Контролно поле: 20180421002928.0
008 - Данни с фиксирана дължина – обща информация
- Данни с фиксирана дължина : 180421|| aca||aabn | a|a d
110 ## - НАИМЕНОВАНИЕ НА КОЛЕКТИВЕН ОРГАН -ПЪРВИЧНА ИНТЕЛЕКТУАЛНА ОТГОВОРНОСТ
- Название на организация или юридическо име като основно описание: Общобълг. к-т и фонд. В. Левски, СУ - Русе
- Ключова дума за отношение: Ред. кол. : Златоживка Здравкова - глав. ред. и др
942 ## - Системна служебна употреба
- Koha auth type: CORPO_NAME